| 000 | 00582nam a22001932 4500 | ||
|---|---|---|---|
| 001 | 0000004981 | ||
| 005 | 20170406120246.0 | ||
| 008 | 141128s xx 000 0 eng d | ||
| 020 | _c$ | ||
| 040 |
_aYour Holding Symbol _cYour Holding Symbol |
||
| 100 | 1 | _aMcHugh James T. | |
| 245 | 1 | 0 |
_aMarriage in the light of Vatian II / _cJames T. McHugh. |
| 250 | _a ed. | ||
| 260 |
_aWashington, D.C. : _bFamily Life Bureau, U.S.C.C, _c1968. |
||
| 300 |
_a144 p. ; _c cm. |
||
| 591 |
_a2005 _bDonation _cArrupe |
||
| 650 | 0 | _aChristian Denominations. | |
| 908 | _a141128 | ||
| 999 |
_c4788 _d4788 |
||